[Event "Elit(LASK-Farsta)"]
[Site "?"]
[Date "2014.11.21"]
[Round "1"]
[White "Urkedal, Frode"]
[Black "Tikkanen, Hans"]
[Result "0-1"]
[WhiteElo "2514"]
[BlackElo "2543"]
[PlyCount "82"]
[SourceDate "2014.11.27"]

1. d4 e6 2. c4 Nf6 3. Nf3 a6 4. Nc3 c5 5. e4 cxd4 6. Nxd4 Bb4 7. Qd3 d5 8. exd5
exd5 9. Be2 Nc6 10. Nxc6 bxc6 11. O-O O-O 12. cxd5 Nxd5 13. Nxd5 Qxd5 14. Qxd5
cxd5 15. Rd1 Be6 16. Be3 Rfc8 17. Bd4 Bc5 18. Bc3 Rd8 19. b4 Bb6 20. Bd4 Bxd4
21. Rxd4 Rdc8 22. Bd3 Rc3 23. a4 Kf8 24. Kf1 Ke7 25. Ke2 Rb3 26. a5 Kd6 27. f4
Rb2+ 28. Kf3 Rd2 29. Ke3 Rxg2 30. f5 Rxh2 31. fxe6 fxe6 32. Rg4 e5 33. Be2 Rf8
34. Rf1 d4+ 35. Kd3 Rc8 36. Rxg7 Rc3+ 37. Kd2 Ra3 38. Ke1 Ra1+ 39. Bd1 d3 40.
Rf6+ Kd5 41. Rd7+ Ke4 0-1

[Event "Elit(LASK-Farsta)"]
[Site "?"]
[Date "2014.11.21"]
[Round "1"]
[White "Grandelius, Nils"]
[Black "Sammalvuo, Tapani"]
[Result "1/2-1/2"]
[WhiteElo "2573"]
[BlackElo "2441"]
[PlyCount "215"]

1. e4 c5 2. Nf3 d6 3. d4 cxd4 4. Nxd4 Nf6 5. Nc3 a6 6. Bc4 e6 7. Bb3 b5 8. O-O
Be7 9. Qf3 Qb6 10. Be3 Qb7 11. Qg3 b4 12. Na4 Nbd7 13. f3 O-O 14. Rfd1 Ne5 15.
Nb6 Rb8 16. Nxc8 Rfxc8 17. a3 bxa3 18. Rxa3 Nc4 19. Bxc4 Rxc4 20. Rb3 Qc8 21.
Rxb8 Qxb8 22. b3 Rc8 23. Ra1 Qb7 24. Qe1 d5 25. e5 Nd7 26. Bf2 Bc5 27. Qe2 Nb8
28. Kf1 Qc7 29. Ra2 Bxd4 30. Bxd4 Nc6 31. Bc3 d4 32. Be1 a5 33. Ra4 Qb6 34. Rc4
Qb5 35. f4 h6 36. Qd3 Rd8 37. Bh4 Rd5 38. Bf2 Rc5 39. Ke2 Rxc4 40. bxc4 Qb7 41.
Bxd4 Nb4 42. Qf3 Qa6 43. Qc3 Qc6 44. Kf2 Qe4 45. Be3 Nxc2 46. c5 Nb4 47. Qd4
Qc2+ 48. Qd2 Qe4 49. Qd4 Qc2+ 50. Qd2 Qa4 51. h4 Nc6 52. Qd7 Qa2+ 53. Kg1 Qb1+
54. Kf2 Qa2+ 55. Kg1 Qb1+ 56. Kf2 Nb4 57. Qd8+ Kh7 58. Qxa5 Qe4 59. Bd2 Qd4+
60. Be3 Qe4 61. Bd2 Nd3+ 62. Kg1 Qd4+ 63. Kh2 Nxc5 64. Qc3 Qf2 65. Kh3 Qg1 66.
Qe3 Qxe3+ 67. Bxe3 Ne4 68. Kg4 g6 69. Kf3 Nc3 70. Bc5 Nd5 71. Bd6 Kg7 72. Bc5
Kh7 73. Bd6 Kg8 74. Bc5 Nc7 75. Bd6 Ne8 76. Be7 Ng7 77. Bc5 Nf5 78. g3 Kh7 79.
Kg4 Kg7 80. Kf3 h5 81. Ba3 Nd4+ 82. Ke4 Ne2 83. Kf3 Nd4+ 84. Ke4 Nf5 85. Kf3 f6
86. exf6+ Kxf6 87. Bc5 Kf7 88. Bf2 Nh6 89. Ke4 Ke7 90. Be1 Kd7 91. Kd4 Ng4 92.
Kc5 Ne3 93. Bf2 Nf5 94. Be1 Ke7 95. Kc4 Nd6+ 96. Kc5 Ne8 97. Bc3 Nd6 98. Be1
Nf5 99. Kc4 Kd6 100. Bb4+ Kc6 101. Be1 Ne3+ 102. Kd3 Ng4 103. Kc4 e5 104. fxe5
Nxe5+ 105. Kc3 Kd5 106. Kd2 Ke4 107. Ke2 Nc6 108. Kf2 1/2-1/2

[Event "Elit(LASK-Farsta)"]
[Site "?"]
[Date "2014.11.21"]
[Round "1"]
[White "Degerman, Lars"]
[Black "Smith, Axel"]
[Result "1/2-1/2"]
[WhiteElo "2476"]
[BlackElo "2475"]
[PlyCount "115"]

1. Nf3 Nf6 2. g3 g6 3. Bg2 Bg7 4. O-O d5 5. d3 c5 6. Nbd2 Nc6 7. e4 O-O 8. exd5
Nxd5 9. Re1 b6 10. Nc4 Bb7 11. Nfe5 Nxe5 12. Nxe5 Qc7 13. Qe2 Rad8 14. a3 Rd6
15. Bd2 Rfd8 16. Nc4 Re6 17. Qf3 Rxe1+ 18. Rxe1 e6 19. h4 b5 20. Ba5 Nb6 21.
Qxb7 Qxb7 22. Bxb7 bxc4 23. dxc4 Bxb2 24. Rb1 Bxa3 25. Bf3 Rd7 26. Bc3 Kf8 27.
Rb3 Bc1 28. Rb5 Ke7 29. Be2 Bd2 30. Be5 Na4 31. Bf3 a6 32. Rb3 f6 33. Bc6 fxe5
34. Bxd7 Kxd7 35. Rd3+ Kc7 36. Rxd2 Nb2 37. Re2 Nxc4 38. Re4 Nd2 39. Ra4 Kb6
40. c4 e4 41. Kg2 h5 42. g4 a5 43. Kg3 e5 44. Kh3 Ka6 45. Kg3 Kb6 46. Kh3 Ka6
47. Kg3 Nf3 48. Ra3 Ne1 49. Ra1 Nd3 50. Ra2 Nf4 51. Ra3 Ne2+ 52. Kh3 Nd4 53.
Ra2 Nf3 54. Kg3 Ne1 55. Re2 Nd3 56. Ra2 Ne1 57. Re2 Nd3 58. Ra2 1/2-1/2

[Event "Elit(LASK-Farsta)"]
[Site "?"]
[Date "2014.11.21"]
[Round "1"]
[White "Ernst, Thomas"]
[Black "Semcesen, Daniel"]
[Result "1/2-1/2"]
[WhiteElo "2361"]
[BlackElo "2482"]
[PlyCount "56"]

1. e4 e5 2. Nf3 Nc6 3. Bb5 a6 4. Ba4 Nf6 5. O-O Nxe4 6. d4 b5 7. Bb3 d5 8. dxe5
Be6 9. Nbd2 Nc5 10. c3 Bg4 11. Bc2 Ne6 12. Re1 Bc5 13. Nb3 Bb6 14. a4 Ne7 15.
axb5 axb5 16. Rxa8 Qxa8 17. Qd3 c6 18. Nfd4 Qc8 19. Be3 Bxd4 20. Nxd4 Nxd4 21.
Qxd4 O-O 22. Qa7 Re8 23. Bc5 Bf5 24. Bxe7 Bxc2 25. Bd6 h5 26. h3 Be4 27. Re3
Qa8 28. Qxa8 Rxa8 1/2-1/2

[Event "Elit(LASK-Farsta)"]
[Site "?"]
[Date "2014.11.21"]
[Round "1"]
[White "Nilsson, Sebastian"]
[Black "Lundin, Jan"]
[Result "1/2-1/2"]
[WhiteElo "2315"]
[BlackElo "2269"]
[PlyCount "46"]

1. e4 c6 2. d4 d5 3. Nc3 dxe4 4. Nxe4 Bf5 5. Ng3 Bg6 6. h4 h6 7. Nf3 Nd7 8. h5
Bh7 9. Bd3 Bxd3 10. Qxd3 e6 11. Bd2 Ngf6 12. O-O-O Be7 13. Ne4 Nxe4 14. Qxe4
Nf6 15. Qe2 Qd5 16. c4 Qe4 17. Qxe4 Nxe4 18. Be3 O-O 19. Ne5 Bd6 20. g4 f6 21.
Nd3 Rad8 22. f3 Ng5 23. Rhf1 Rfe8 1/2-1/2

[Event "Elit(LASK-Farsta)"]
[Site "?"]
[Date "2014.11.21"]
[Round "1"]
[White "Lissang, Christopher"]
[Black "Dragicevic, Drazen"]
[Result "0-1"]
[WhiteElo "2252"]
[BlackElo "2281"]
[PlyCount "124"]

1. e4 c5 2. Nf3 d6 3. c3 Nf6 4. h3 g6 5. Bd3 Bg7 6. O-O O-O 7. Bc2 Nc6 8. d4
Qc7 9. a3 b5 10. Be3 Na5 11. Nbd2 cxd4 12. cxd4 Bd7 13. Rc1 Rfc8 14. b4 Nc4 15.
Nxc4 bxc4 16. Bb3 Qb7 17. Rxc4 Nxe4 18. Rxc8+ Rxc8 19. Ng5 Nxg5 20. Bxg5 h6 21.
Be3 Rc3 22. Qb1 Bf5 23. Qb2 Qc8 24. Rc1 Bxd4 25. Rxc3 Bxc3 26. Qc1 a6 27. Bxh6
Bd4 28. Qc4 Qxc4 29. Bxc4 Bc8 30. Bd2 Bb7 31. a4 Kf8 32. b5 axb5 33. Bxb5 e5
34. a5 Ke7 35. a6 Ba8 36. g4 f5 37. gxf5 gxf5 38. Bg5+ Kf7 39. h4 f4 40. Bd7
Bd5 41. Bc8 Bc4 42. Bb7 Ba7 43. Be4 d5 44. Bf5 d4 45. h5 d3 46. h6 d2 47. Bc2
Bd3 48. h7 Bxh7 49. Bb3+ Kg6 50. Be7 e4 51. Kf1 Bg8 52. Bc2 Bc4+ 53. Kg2 Bd3
54. Bd1 f3+ 55. Kg3 Be2 56. Bb4 Bxd1 57. Bxd2 Be2 58. Kf4 Bd3 59. Be1 Bb8+ 60.
Ke3 Kf5 61. Kd4 Ba7+ 62. Kd5 Bxa6 0-1

[Event "Elit(LASK-Farsta)"]
[Site "?"]
[Date "2014.11.21"]
[Round "1"]
[White "Frisk, Ellinor"]
[Black "Ong, Kezli"]
[Result "0-1"]
[WhiteElo "2314"]
[BlackElo "2235"]
[PlyCount "94"]

1. Nf3 Nf6 2. c4 e6 3. g3 d5 4. Bg2 Be7 5. O-O O-O 6. d4 dxc4 7. Qa4 a6 8. Qxc4
b5 9. Qc2 Bb7 10. Bd2 Be4 11. Qc1 Nbd7 12. Ba5 Rc8 13. Nbd2 Ba8 14. a4 Qe8 15.
axb5 axb5 16. Nb3 c5 17. dxc5 Nxc5 18. Nxc5 Bxc5 19. Qd1 b4 20. Ne5 Qb5 21. Nd3
Bxg2 22. Kxg2 Ra8 23. Qa4 Qb7+ 24. Kg1 Bd6 25. Rfc1 Ra6 26. Nc5 Bxc5 27. Rxc5
Rb8 28. Rac1 h5 29. Qd1 h4 30. gxh4 Ne4 31. Rc7 Qb5 32. Qc2 Nxf2 33. Bxb4 Nh3+
34. Kg2 Nf4+ 35. Kf3 Ng6 36. Rc8+ Rxc8 37. Qxc8+ Kh7 38. Rc5 Nxh4+ 39. Kf2 Qxb4
40. Rh5+ Kg6 41. Qxa6 Kxh5 42. Qa7 Kg6 43. Qa3 Qf4+ 44. Kg1 Nf5 45. b4 Ne3 46.
Qd3+ f5 47. Qb1 Ng4 0-1

[Event "Elit(Orgryte-Team Viking)"]
[Site "?"]
[Date "2014.11.21"]
[Round "1"]
[White "Berg, Emanuel"]
[Black "Tukhaev, Adam"]
[Result "1/2-1/2"]
[WhiteElo "2545"]
[BlackElo "2542"]
[PlyCount "142"]

1. e4 e5 2. Nf3 Nc6 3. Bb5 a6 4. Ba4 d6 5. Bxc6+ bxc6 6. d4 exd4 7. Qxd4 Nf6 8.
Nc3 Be7 9. e5 Ng4 10. h3 Nxe5 11. Nxe5 dxe5 12. Qxe5 O-O 13. O-O Bd6 14. Qh5
Qf6 15. Ne4 Qg6 16. Qxg6 hxg6 17. Nxd6 cxd6 18. Bf4 d5 19. Rfe1 Bf5 20. Re7
Rfe8 21. Rae1 Rxe7 22. Rxe7 Bxc2 23. Rc7 d4 24. Rxc6 d3 25. Rd6 a5 26. Kf1 a4
27. Ke1 Bb1 28. a3 Re8+ 29. Be3 f5 30. Rd4 Re4 31. Rxe4 fxe4 32. Kd2 Bc2 33.
Kc3 Kf7 34. Kd4 Ke6 35. g3 Kf5 36. Bd2 Bd1 37. g4+ Ke6 38. Kxe4 Be2 39. f3 Bf1
40. h4 Bg2 41. Bc3 Kd6 42. Ke3 Kd5 43. f4 Bh3 44. Kxd3 Bxg4 45. Bxg7 Bd1 46. b4
axb3 47. Kd2 Bc2 48. a4 Kc6 49. Kc3 Kb7 50. Kb4 Ka8 51. Bc3 Kb7 52. Bb2 Ka8 53.
Bc1 Kb7 54. Bb2 Ka8 55. Kc4 Kb7 56. a5 Ka8 57. Kd4 Kb7 58. Bc3 Ka8 59. Ke5 Kb7
60. Kf6 Ka8 61. Kg5 Kb7 62. f5 Bxf5 63. h5 gxh5 64. Kxf5 h4 65. Kg4 h3 66. Kxh3
b2 67. a6+ Ka8 68. Bxb2 Ka7 69. Bd4+ Ka8 70. a7 Kb7 71. a8=N Kxa8 1/2-1/2

[Event "Elit(Orgryte-Team Viking)"]
[Site "?"]
[Date "2014.11.21"]
[Round "1"]
[White "Frisk Kockum, Anton"]
[Black "Cramling, Pia"]
[Result "0-1"]
[WhiteElo "2373"]
[BlackElo "2512"]
[PlyCount "68"]

1. d4 Nf6 2. c4 e6 3. Nf3 Bb4+ 4. Bd2 a5 5. Nc3 b6 6. g3 Bb7 7. Bg2 O-O 8. O-O
d6 9. b3 Nbd7 10. a3 Bxc3 11. Bxc3 Be4 12. a4 c6 13. Bb2 Qc7 14. Rc1 Qb7 15.
Ba3 c5 16. Ne1 Bxg2 17. Nxg2 Rfd8 18. Rc3 cxd4 19. Qxd4 Nc5 20. Rd1 h6 21. Rf3
Nce4 22. Qa1 d5 23. Ne3 dxc4 24. h4 cxb3 25. Nc4 Qc6 26. Rc1 Qe8 27. Rxb3 Qxa4
28. Rxb6 Nd5 29. Rb7 Ndc3 30. Nb6 Qc6 31. Nxa8 Qxb7 32. Rxc3 Nxc3 33. Qxc3 Rd1+
34. Kh2 Rh1# 0-1

[Event "Elit(Orgryte-Team Viking)"]
[Site "?"]
[Date "2014.11.21"]
[Round "1"]
[White "Agrest, Evgenij"]
[Black "Arnelind, Mikael"]
[Result "1-0"]
[WhiteElo "2587"]
[BlackElo "2184"]
[PlyCount "87"]

1. Nf3 Nf6 2. c4 e6 3. Nc3 Bb4 4. Qc2 c5 5. a3 Ba5 6. e3 O-O 7. Be2 Nc6 8. O-O
Qe7 9. d4 d6 10. Rd1 Bxc3 11. Qxc3 e5 12. dxe5 dxe5 13. Nd2 Bf5 14. b3 Rad8 15.
Bb2 Ne4 16. Nxe4 Bxe4 17. b4 f6 18. bxc5 Qxc5 19. a4 Rxd1+ 20. Rxd1 Rd8 21.
Rxd8+ Nxd8 22. Ba3 Qb6 23. f3 Bf5 24. Kf2 Be6 25. a5 Qc7 26. Qb4 Qf7 27. Qd6
Qe8 28. Qb8 Qd7 29. Qxa7 Qc8 30. Qb6 Nf7 31. Qb4 g6 32. Bd3 Bf5 33. Be2 h5 34.
Qe7 Kg7 35. c5 Be6 36. Bb5 Bb3 37. Bb4 h4 38. e4 Be6 39. c6 bxc6 40. Be2 h3 41.
g3 c5 42. Bxc5 Qc6 43. a6 f5 44. a7 1-0

[Event "Elit(Orgryte-Team Viking)"]
[Site "?"]
[Date "2014.11.21"]
[Round "1"]
[White "Kumar, Rahul"]
[Black "Nithander, Victor"]
[Result "0-1"]
[WhiteElo "2176"]
[BlackElo "2428"]
[PlyCount "110"]

1. e4 d6 2. d4 Nf6 3. Nc3 g6 4. Bc4 Bg7 5. Be3 c6 6. a4 O-O 7. Bb3 Nbd7 8. Nf3
Qc7 9. O-O b6 10. Re1 e5 11. a5 b5 12. d5 b4 13. Na2 cxd5 14. exd5 Rb8 15. Bd2
Nc5 16. Nxb4 Nxb3 17. cxb3 Rb5 18. Qe2 Qd7 19. a6 Nxd5 20. Nxd5 Rxd5 21. Bb4
Qc6 22. Qe4 Qa8 23. Red1 Be6 24. Qe2 Rd8 25. Nd2 Qb8 26. Ba5 Rc8 27. Bc3 Rb5
28. Ne4 Rb6 29. b4 Bc4 30. Qf3 f5 31. Ng5 h6 32. Nh3 Bf7 33. Qe3 d5 34. Be1 d4
35. Qa3 Bc4 36. Qf3 Kh7 37. g4 e4 38. Qg3 Qxg3+ 39. hxg3 fxg4 40. Nf4 g5 41.
Ng2 Be2 42. Rdb1 Rc2 43. Rc1 Rxb2 44. Rc7 Rxa6 45. Rxa6 Bxa6 46. Rxa7 Be2 47.
Rb7 Bf3 48. b5 Rb1 49. b6 Bxg2 50. Kxg2 Rxe1 51. Re7 Rb1 52. b7 d3 53. Rd7 d2
54. b8=Q Rxb8 55. Rxd2 Rb2 0-1

[Event "Elit(Orgryte-Team Viking)"]
[Site "?"]
[Date "2014.11.21"]
[Round "1"]
[White "Bellon Lopez, Juan"]
[Black "Ziegler, Ari"]
[Result "1-0"]
[WhiteElo "2412"]
[BlackElo "2323"]
[PlyCount "53"]

1. d4 c5 2. e3 Nf6 3. Nf3 g6 4. c3 b6 5. g3 Bb7 6. Bg2 Bg7 7. O-O O-O 8. a4 d5
9. Ne5 Nc6 10. f4 Nxe5 11. fxe5 Ne4 12. Nd2 Nxd2 13. Bxd2 f6 14. exf6 Bxf6 15.
Qb3 Qd7 16. e4 cxd4 17. exd5 Kg7 18. c4 Rad8 19. Rae1 Rf7 20. Qd3 Re8 21. Bf4
e5 22. dxe6 Rxe6 23. Bh3 Rxe1 24. Bxd7 Rxf1+ 25. Qxf1 Rxd7 26. Bh6+ Kxh6 27.
Qh3+ 1-0

[Event "Elit(Orgryte-Team Viking)"]
[Site "?"]
[Date "2014.11.21"]
[Round "1"]
[White "Eksmyr, Johan"]
[Black "Westerberg, Jonathan"]
[Result "0-1"]
[WhiteElo "2164"]
[BlackElo "2392"]
[PlyCount "66"]

1. d4 d5 2. c4 dxc4 3. Nc3 a6 4. a4 Nc6 5. Nf3 Bg4 6. d5 Bxf3 7. exf3 Na5 8.
Bf4 Nf6 9. Rb1 Rc8 10. g3 c6 11. Bh3 Ra8 12. dxc6 Qxd1+ 13. Rxd1 Nxc6 14. Ne4
e6 15. Nd6+ Bxd6 16. Bxd6 Rd8 17. O-O Ne7 18. Rfe1 Ned5 19. Ba3 b5 20. axb5
axb5 21. Bc5 Rc8 22. b4 cxb3 23. Bd4 O-O 24. Rb1 Rc4 25. Be5 Nd7 26. Bd6 Re8
27. Rxb3 Rc6 28. Ba3 Rb8 29. Rbb1 b4 30. Bb2 Nc3 31. Ra1 Nc5 32. Ra7 Nd3 33.
Bxc3 bxc3 0-1

[Event "Elit(Orgryte-Team Viking)"]
[Site "?"]
[Date "2014.11.21"]
[Round "1"]
[White "Vaarala, Eric"]
[Black "Virolainen, Victor"]
[Result "1-0"]
[WhiteElo "2274"]
[BlackElo "2162"]
[PlyCount "67"]

1. c4 Nf6 2. Nc3 c5 3. Nf3 g6 4. g3 Bg7 5. Bg2 O-O 6. O-O Nc6 7. d4 cxd4 8.
Nxd4 Nxd4 9. Qxd4 d6 10. Rd1 Re8 11. Qd2 Qc7 12. b3 Be6 13. Bb2 Rac8 14. Rac1
Qb8 15. h3 a6 16. Nd5 Nxd5 17. Bxg7 Kxg7 18. cxd5 Bd7 19. Qe3 Rc7 20. Kh2 Qc8
21. a4 Rc5 22. b4 Rc4 23. Rxc4 Qxc4 24. Rd4 Qc8 25. Rh4 h5 26. g4 Rh8 27. gxh5
Kf8 28. Qd4 Rg8 29. hxg6 fxg6 30. Rh7 Bxa4 31. Qh4 Qd7 32. Bf3 Bc2 33. e4 Rg7
34. Qh6 1-0

[Event "Elit(Farsta-Solna)"]
[Site "?"]
[Date "2014.11.22"]
[Round "2"]
[White "Valmana Canto, Jaime"]
[Black "Sammalvuo, Tapani"]
[Result "1/2-1/2"]
[WhiteElo "2373"]
[BlackElo "2441"]
[PlyCount "168"]
[SourceDate "2014.11.27"]

1. d4 Nf6 2. c4 e6 3. Nc3 Bb4 4. e3 O-O 5. Bd3 d5 6. cxd5 exd5 7. Nge2 Re8 8.
Bd2 Bf8 9. O-O c5 10. Rc1 Nc6 11. dxc5 Bxc5 12. Nb5 Bb6 13. Nbd4 Nxd4 14. exd4
Ne4 15. Be3 Bf5 16. Nf4 Bg6 17. Qb3 Nf6 18. Nxg6 hxg6 19. Bb5 Re4 20. f3 Re6
21. Rfd1 Bc7 22. Bf1 Nh5 23. g3 Bb6 24. Bf2 Qg5 25. Qd3 Rae8 26. Qd2 Qf6 27.
Kg2 a6 28. b3 Kh7 29. Bd3 Qe7 30. Re1 Qd7 31. Rxe6 Rxe6 32. Qg5 Nf6 33. Qh4+
Kg8 34. Qh3 Qe8 35. Qh4 Rc6 36. Re1 Qf8 37. Qf4 Ba5 38. Re2 Qc8 39. g4 Rc3 40.
Qe3 Rc6 41. Qe7 Bd8 42. Qb4 Rb6 43. Qe1 Rc6 44. h4 Qd7 45. h5 Nh7 46. hxg6 fxg6
47. b4 Nf8 48. b5 Re6 49. bxa6 bxa6 50. Bg3 Kf7 51. Rxe6 Qxe6 52. Qxe6+ Nxe6
53. Bxa6 Nxd4 54. Bb7 Ke6 55. Bc8+ Kf6 56. f4 g5 57. fxg5+ Kxg5 58. Kh3 Kf6 59.
g5+ Kf7 60. Kg4 g6 61. Bb7 Ke6 62. Bc8+ Kf7 63. Bf2 Nc6 64. Bg3 Ba5 65. a4 Ke7
66. Ba6 Ke6 67. Bd3 Kf7 68. Bb1 Bc3 69. Bc7 Na5 70. Bd8 Nc6 71. Bc7 Bd2 72. Bd3
Bc3 73. Bb5 Na5 74. Bd8 Nb7 75. Bc7 Na5 76. Bd8 Nb7 77. Bb6 Na5 78. Kf4 Ke7 79.
Bc5+ Kf7 80. Ke3 Nb3 81. Kd3 Nxc5+ 82. Kxc3 Nxa4+ 83. Bxa4 Ke6 84. Bc2 Ke5
1/2-1/2

[Event "Elit(Farsta-Solna)"]
[Site "?"]
[Date "2014.11.22"]
[Round "2"]
[White "Urkedal, Frode"]
[Black "Bergstrom, Christer"]
[Result "1-0"]
[WhiteElo "2514"]
[BlackElo "2357"]
[PlyCount "107"]

1. d4 Nf6 2. c4 e6 3. Nf3 b6 4. g3 Bb7 5. Bg2 Be7 6. O-O O-O 7. Re1 Ne4 8. Nfd2
f5 9. Nxe4 Bxe4 10. Bxe4 fxe4 11. Nc3 Bb4 12. Qb3 Bxc3 13. Qxc3 Qf6 14. Bf4 d6
15. Rad1 Nd7 16. Rf1 Rf7 17. f3 Qf5 18. fxe4 Qxe4 19. Qf3 Qxf3 20. exf3 Raf8
21. Kg2 Rf5 22. Rde1 R8f6 23. Re2 Rg6 24. Bd2 h5 25. Rfe1 Kf7 26. b3 Rff6 27.
h3 c5 28. Bc3 cxd4 29. Bxd4 e5 30. Be3 Re6 31. Rd1 Nf6 32. Red2 Ne8 33. a4 Re7
34. Rd5 Rb7 35. f4 h4 36. g4 exf4 37. Bxf4 Re7 38. R1d2 Re4 39. Bg5 Nf6 40. Rf5
Ke6 41. Kf3 Re1 42. Bxh4 Rb1 43. Re2+ Kd7 44. Re3 Rh6 45. Kg3 Rg1+ 46. Kf2 Rb1
47. Bg5 Rg6 48. Bxf6 gxf6 49. Rd3 Rh6 50. Kg2 Kc6 51. a5 Rb2+ 52. Kg3 Rb1 53.
axb6 axb6 54. Rfd5 1-0

[Event "Elit(Farsta-Solna)"]
[Site "?"]
[Date "2014.11.22"]
[Round "2"]
[White "Karlsson, Tomas"]
[Black "Ernst, Thomas"]
[Result "1/2-1/2"]
[WhiteElo "2265"]
[BlackElo "2361"]
[PlyCount "117"]

1. e4 c5 2. Nf3 d6 3. d4 cxd4 4. Nxd4 Nf6 5. Nc3 a6 6. h3 b5 7. g4 Bb7 8. Bg2
e6 9. a3 Be7 10. O-O Qc7 11. Be3 O-O 12. f4 Nc6 13. Nb3 Rfd8 14. Qd2 d5 15.
exd5 Nxd5 16. Nxd5 exd5 17. c3 Na5 18. Nxa5 Qxa5 19. Qf2 Qa4 20. Rad1 Qc4 21.
Rd4 Qc8 22. Rfd1 Bc5 23. R4d3 Bxe3 24. Rxe3 a5 25. Red3 b4 26. axb4 axb4 27.
cxb4 Qc4 28. Qd4 Qb5 29. Qc5 Qa4 30. R1d2 Qa1+ 31. Kh2 h6 32. Qc7 Rab8 33. Bxd5
Bxd5 34. Rxd5 Rf8 35. Qc3 Rbc8 36. Rc5 Rce8 37. Re5 Rc8 38. Rc5 Rce8 39. Re5
Rc8 40. Qf3 Rc4 41. b5 Qc1 42. Rf2 Rb8 43. Qe3 Qxe3 44. Rxe3 Rxb5 45. b3 Rcb4
46. Rff3 f5 47. Kg3 Kh7 48. Rc3 fxg4 49. hxg4 Rb6 50. Kh4 R6b5 51. Kg3 Rb6 52.
Kf2 Rb7 53. Ke2 Re7+ 54. Kf2 Ree4 55. Kg3 g5 56. Rc7+ Kg8 57. Rc8+ Kg7 58. Rc7+
Kg8 59. Rc8+ 1/2-1/2

[Event "Elit(Farsta-Solna)"]
[Site "?"]
[Date "2014.11.22"]
[Round "2"]
[White "Livner, Anders"]
[Black "Jonsson, Mikael"]
[Result "1/2-1/2"]
[WhiteElo "2328"]
[BlackElo "2309"]
[PlyCount "74"]
[SourceDate "2014.11.28"]

1. d4 d5 2. c4 c6 3. Nf3 Nf6 4. e3 g6 5. Nc3 Bg7 6. Be2 O-O 7. O-O Re8 8. Bd2
h6 9. Ne5 Be6 10. f4 dxc4 11. g4 Bd5 12. Qc2 Nbd7 13. Rad1 b5 14. g5 hxg5 15.
fxg5 Nxe5 16. gxf6 Bxf6 17. dxe5 Bxe5 18. Nxd5 cxd5 19. Bc3 Qd6 20. Bf3 e6 21.
Bxe5 Qxe5 22. Qc3 Qxc3 23. bxc3 f5 24. Rb1 Rab8 25. Rf2 Rb6 26. a3 Reb8 27. h4
Kg7 28. Kh2 Ra6 29. Ra2 Kf6 30. Kg3 Rbb6 31. Raa1 Ra5 32. Ra2 Rba6 33. Rba1 Ke5
34. Bg2 Rb6 35. Bf3 Rba6 36. Bg2 Rb6 37. Bf3 Rba6 1/2-1/2

[Event "Elit(Farsta-Solna)"]
[Site "?"]
[Date "2014.11.22"]
[Round "2"]
[White "Johansson, Gunnar"]
[Black "Hjelm, Niclas"]
[Result "1/2-1/2"]
[WhiteElo "2240"]
[BlackElo "2325"]
[PlyCount "46"]

1. d4 d5 2. c4 c6 3. Nf3 Nf6 4. e3 Bf5 5. Nc3 e6 6. Nh4 Bg6 7. Nxg6 hxg6 8. Bd2
Nbd7 9. g3 Bb4 10. Qb3 Ba5 11. Bg2 O-O 12. O-O Nb6 13. cxd5 exd5 14. Ne4 Bxd2
15. Nxd2 Re8 16. Qc2 a5 17. Rab1 Re7 18. Rfc1 Nc8 19. Nf3 Nd6 20. Ne5 Nd7 21.
Nd3 Nf6 22. Ne5 Nd7 23. Nd3 Nf6 1/2-1/2

[Event "Elit(Farsta-Solna)"]
[Site "?"]
[Date "2014.11.22"]
[Round "2"]
[White "Svensk, Ingemar"]
[Black "Landgren, Andreas"]
[Result "0-1"]
[WhiteElo "2245"]
[BlackElo "2244"]
[PlyCount "80"]

1. e4 c5 2. Nf3 d6 3. d4 cxd4 4. Qxd4 Nc6 5. Bb5 Bd7 6. Bxc6 Bxc6 7. c4 f5 8.
exf5 Qa5+ 9. b4 Qxf5 10. Nbd2 Nf6 11. O-O e5 12. Qe3 Be7 13. Bb2 O-O 14. b5 Bd7
15. h3 b6 16. a4 Nh5 17. Ne4 Nf4 18. Ne1 Be6 19. Ba3 Qg6 20. Nxd6 Nxh3+ 21. Kh2
Bg5 22. Qe4 Bf4+ 23. g3 Qh6 24. Kg2 Ng5 25. Qb7 Bxg3 26. Rh1 Bh4 27. Ra2 Qg6
28. Kf1 Bh3+ 29. Rxh3 Nxh3 30. Qd5+ Kh8 31. Qg2 Bxf2 32. Qxg6 hxg6 33. Nd3 Bc5+
34. Ke2 Bxa3 35. Rxa3 Nf4+ 36. Ke3 Rad8 37. c5 bxc5 38. Nc4 Nxd3 39. Rxd3 Rf3+
40. Kxf3 Rxd3+ 0-1

[Event "Elit(Farsta-Solna)"]
[Site "?"]
[Date "2014.11.22"]
[Round "2"]
[White "Lindborg, Petter"]
[Black "Ong, Kezli"]
[Result "0-1"]
[WhiteElo "2263"]
[BlackElo "2235"]
[PlyCount "68"]

1. d4 Nf6 2. Bg5 Ne4 3. Bf4 d5 4. e3 c5 5. Bd3 Nf6 6. h3 Qb6 7. b3 Nc6 8. c3 g6
9. Nf3 Bg7 10. O-O O-O 11. Nbd2 Nd7 12. Bh2 e5 13. e4 dxe4 14. Nc4 Qd8 15. Bxe4
exd4 16. Bxc6 bxc6 17. cxd4 cxd4 18. Nxd4 Qf6 19. Nc2 Qg5 20. Rc1 Nb6 21. N2e3
Bxh3 22. Nxb6 axb6 23. Rxc6 Rxa2 24. Qf3 Be6 25. Rxb6 h5 26. Qg3 Qf6 27. Qf4
Qb2 28. b4 Kh7 29. Qe4 Rc8 30. Bg3 Rc1 31. Qd3 Raa1 32. Ra6 Rab1 33. Rb6 Bc4
34. Qxc4 Rxc4 0-1

[Event "Elit(Farsta-Solna)"]
[Site "?"]
[Date "2014.11.22"]
[Round "2"]
[White "Lundin, Jan"]
[Black "Steneskog, Per"]
[Result "0-1"]
[WhiteElo "2269"]
[BlackElo "2213"]
[PlyCount "184"]

1. Nf3 d5 2. d4 c5 3. e3 Nf6 4. dxc5 e6 5. a3 Bxc5 6. c4 a6 7. b4 Ba7 8. Bb2
O-O 9. Nbd2 Nbd7 10. Be2 Qe7 11. Qb3 dxc4 12. Nxc4 Nd5 13. O-O N7f6 14. Rac1
Ne4 15. Nfd2 Nxf2 16. Bd4 b5 17. Rxf2 Bxd4 18. exd4 bxc4 19. Nxc4 Bd7 20. Ne5
Bb5 21. Bf3 Rad8 22. Rc5 Nb6 23. Nc6 Bxc6 24. Rxc6 Rd6 25. Rfc2 Rfd8 26. Qe3
Nd5 27. Bxd5 Rxd5 28. Rxa6 h6 29. h3 Rxd4 30. Rc1 Qb7 31. Rac6 Rd1+ 32. Kh2
Qb8+ 33. Qg3 Qxg3+ 34. Kxg3 R1d3+ 35. Kf2 Rxa3 36. Rc8 Rxc8 37. Rxc8+ Kh7 38.
b5 Kg6 39. b6 Rb3 40. Rb8 Kf5 41. b7 f6 42. Ke2 e5 43. Kd2 e4 44. Kc2 Rb6 45.
Kc3 e3 46. Re8 Rxb7 47. Rxe3 Kf4 48. Rd3 Ra7 49. Kc4 Rc7+ 50. Kb5 h5 51. Kb6
Rc2 52. g3+ Ke4 53. Rd7 g6 54. Rg7 Kf5 55. g4+ hxg4 56. hxg4+ Kg5 57. Kb5 Rc1
58. Kb4 Rc2 59. Kb3 Rg2 60. Kc3 Rxg4 61. Kd3 Rf4 62. Ke3 Rf1 63. Ke2 Rf5 64.
Ke3 Ra5 65. Rg8 Kf5 66. Kf3 g5 67. Rf8 Ra3+ 68. Kg2 Ke5 69. Rb8 Rd3 70. Re8+
Kf4 71. Re2 f5 72. Ra2 Kg4 73. Rb2 Ra3 74. Rc2 Rb3 75. Ra2 f4 76. Rc2 Kh4 77.
Rc8 Ra3 78. Rb8 Rg3+ 79. Kf2 Kg4 80. Rb5 Rh3 81. Kg2 f3+ 82. Kg1 Rh8 83. Kf2
Rh2+ 84. Kg1 Ra2 85. Rc5 Rb2 86. Ra5 Rc2 87. Rb5 Kf4 88. Kf1 g4 89. Rb1 Kg3 90.
Kg1 Rg2+ 91. Kh1 Rh2+ 92. Kg1 f2+ 0-1

[Event "Elit(Kungstornet-LASK)"]
[Site "?"]
[Date "2014.11.22"]
[Round "2"]
[White "Grandelius, Nils"]
[Black "Cicak, Slavko"]
[Result "1/2-1/2"]
[WhiteElo "2573"]
[BlackElo "2515"]
[PlyCount "143"]

1. d4 Nf6 2. c4 g6 3. Nc3 Bg7 4. e4 O-O 5. Nf3 d6 6. Be2 c5 7. O-O Bg4 8. d5
Bxf3 9. Bxf3 Nbd7 10. Be3 Re8 11. Qd2 Qa5 12. Be2 a6 13. Qc2 e6 14. Bd2 exd5
15. exd5 Re7 16. Rfe1 Rae8 17. Bf1 Ne5 18. a4 Qd8 19. Rad1 h5 20. Qc1 Nh7 21.
h3 f5 22. Kh1 Nf6 23. Qc2 Kh7 24. Re2 Bh6 25. f4 Neg4 26. hxg4 Nxg4 27. g3 h4
28. Be1 Ne3 29. Qd3 hxg3 30. Bxg3 Nxd1 31. Nxd1 Rxe2 32. Bxe2 Re4 33. Nf2 Re8
34. Kg2 Qa5 35. Bd1 Qb4 36. b3 b5 37. axb5 axb5 38. Bf3 bxc4 39. bxc4 Qb2 40.
Qd1 Qa2 41. Qd3 Bg7 42. Kf1 Bd4 43. Nd1 Re7 44. Bh4 Re8 45. Bg3 Qa1 46. Be1 Bg7
47. Bd2 Ra8 48. Be1 Ra3 49. Qe2 Qd4 50. Bg3 Rd3 51. Be1 Qxc4 52. Qh2+ Bh6 53.
Be2 Rf3+ 54. Kg1 Qxd5 55. Qg2 Qd4+ 56. Bf2 Rxf2 57. Qxf2 Qxf2+ 58. Kxf2 Bxf4
59. Nc3 Kh6 60. Nd5 Be5 61. Bd3 Kg7 62. Kf3 Kf7 63. Ne3 Bd4 64. Nxf5 gxf5 65.
Bxf5 d5 66. Ke2 c4 67. Bh3 Bc3 68. Kd1 Kf6 69. Kc2 Ba5 70. Bg2 Ke5 71. Bf3 Kd4
72. Bg2 1/2-1/2

[Event "Elit(Kungstornet-LASK)"]
[Site "?"]
[Date "2014.11.22"]
[Round "2"]
[White "Tikkanen, Hans"]
[Black "Larsson, Anders"]
[Result "1-0"]
[WhiteElo "2543"]
[BlackElo "2316"]
[PlyCount "73"]

1. d4 Nf6 2. Nf3 g6 3. c4 Bg7 4. e3 O-O 5. Be2 c5 6. d5 d6 7. Nc3 e6 8. Nd2 Re8
9. O-O a6 10. a4 e5 11. Bd3 Nh5 12. g4 Nf6 13. f3 h5 14. h3 Bh6 15. Qe1 Nbd7
16. Kh2 Nf8 17. Rg1 hxg4 18. hxg4 N8h7 19. Kg2 e4 20. Ndxe4 Nxe4 21. Nxe4 f5
22. gxf5 Bxf5 23. Qg3 Bg7 24. Kf2 Re5 25. Bd2 Qe7 26. Bc3 Bxe4 27. Bxe4 Rg5 28.
Qh3 Rxg1 29. Rxg1 Ng5 30. Qg4 Nxe4+ 31. fxe4 Rf8+ 32. Ke2 Bxc3 33. bxc3 Rf6 34.
Qc8+ Kg7 35. Rh1 Rf8 36. Qh3 Qxe4 37. Qh6+ 1-0